| 000 | 01771nam0a22003251 4500 | ||
|---|---|---|---|
| 001 | GAK\3366876 | ||
| 005 | 20260408190006.0 | ||
| 035 | _a(NLR Aleph) 011342275 | ||
| 090 |
_a11199659 _c11199659 |
||
| 100 | _a20170309d1997 |||y0rusy50 ca | ||
| 101 | 0 | _arus | |
| 102 | _aRU | ||
| 105 | _aa a|||||||b | ||
| 200 | 1 |
_aН.Б. Патрикеев _eбиблиографический указатель книжно-журнальных публикаций _eк 65-летию со дня рождения _f[Ком. по средствам массовой информ. и полиграфии Администрации авт. округа, Ханты-Манс. окр. б-ка _gсост. Т. Пуртова _gред. И. Мадьярова] |
|
| 210 |
_aХанты-Мансийск _cб.и. _d1997 |
||
| 215 |
_a40 с. _cцв. ил. _d20 |
||
| 532 | 1 | 0 |
_aНовомир Борисович Патрикеев _zrus |
| 540 | 1 | _aПатрикеев Новомир Борисович | |
| 600 | 1 |
_aПатрикеев _gНовомир Борисович _bН.Б. _f1932 _jБиблиография _3RU\NLR\AUTH\661222615 _92036411 |
|
| 686 | 0 |
_aД891(2)д.Патрикеев _2rubbk |
|
| 702 | 1 |
_4220 _8rus _7ca _aПуртова _bТ. В. _gТатьяна Владимировна _3RU\NLR\AUTH\7796793 _979719 |
|
| 702 | 1 |
_aМадьярова _bМ. _4340 |
|
| 702 | 1 |
_4570 _8rus _7ca _aПатрикеев _bН. Б. _f1932 - _gНовомир Борисович _3RU\NLR\AUTH\777096 _9117035 |
|
| 712 | 0 | 2 |
_4650 _aХанты-Мансийская окружная библиотека _3RU\NLR\AUTH\889917244 _9330662 |
| 801 | 0 |
_aRU _bNLR _c20170309 _gpsbo |
|
| 801 | 1 |
_aRU _bNLR _c20170309 _2rusmarc |
|
| 801 | 2 |
_aRU _bNLR _c20170309 _2rusmarc |
|
| 852 |
_aNLR _bС _jС К-2/7966 |
||
| 942 | _cBOOK | ||
| 980 | _aNB | ||